| 000 | 00508 a2200181 4500 | ||
|---|---|---|---|
| 005 | 20260406153535.0 | ||
| 008 | 260406b |||||||| |||| 00| 0 eng d | ||
| 020 |
_a9789363868397 _cRs. 595.00 |
||
| 040 | _aMAIN | ||
| 082 |
_a519.50285 _bS56S |
||
| 100 | _aSchmuller, Joseph | ||
| 245 | _aStatistical analysis with R essentials for dummies | ||
| 260 |
_bWiley India _c2025 _aNew Delhi |
||
| 300 | _aix, 180 | ||
| 650 | _aStatistical Computing | ||
| 650 | _aComputer Programming Language | ||
| 942 | _cBK | ||
| 999 |
_c397229 _d397229 |
||